| 000 | 00574nam a22002057a 4500 | ||
|---|---|---|---|
| 001 | 00028652 | ||
| 005 | 20260326151959.0 | ||
| 008 | 260326b ag ||||| |||| 00| 0 spa d | ||
| 020 | _a9505185154 | ||
| 040 |
_bspa _cAR-CcCEOS |
||
| 080 | _a159.9 | ||
| 090 | _bLEP | ||
| 100 | 1 |
_aLe Poulichet, Sylvie _9974 |
|
| 245 |
_aToxicomanías y psicoanálisis : _bLas narcosis del deseo / _cSylvie Le Poulichet |
||
| 250 | _a1ª ed. | ||
| 260 |
_aParis : _bPresses Universitaires de France, _cc1987. |
||
| 300 |
_a216 p. ; _c23x15 cm. |
||
| 650 | 0 | _aPSICOSIS | |
| 942 |
_2udc _cBK |
||
| 999 |
_c28685 _d28685 |
||
| 945 |
_a66467 _bMelina Rolando _c66467 _dMelina Rolando |
||